| 000 | 00377nam a2200157Ia 4500 | ||
|---|---|---|---|
| 008 | 230917s9999||||xx |||||||||||||| ||und|| | ||
| 040 |
_e102530 _aMAIN |
||
| 041 | _aEnglish | ||
| 082 | _a658.3 R18R | ||
| 100 | _aRao, T V | ||
| 245 | 0 | _aReadings in human resource development | |
| 250 | _a1st ed. | ||
| 260 |
_aNew Delhi _bOxford _c2003 |
||
| 300 | _a435p p. | ||
| 942 | _cBK | ||
| 999 |
_c110788 _d110788 |
||